| 000 | 00659nam a2200217Ia 4500 | ||
|---|---|---|---|
| 003 | OSt | ||
| 005 | 20230503160922.0 | ||
| 008 | 210423s2020 xx 000 0 und d | ||
| 020 | _a978-1-138-34158-6 | ||
| 040 | _cAL | ||
| 041 | _aeng | ||
| 082 |
_a372.6770285 _223 _bMILD |
||
| 100 |
_aMILLER (Carolyn Handler) _997359 |
||
| 245 | _aDigital storytelling Ed 4: A creators guide to interactive entertainment | ||
| 260 |
_aBoca Raton _bCRC Press _c2020 |
||
| 300 |
_axxxviii,780 _bPB |
||
| 365 |
_b4891.66 _cINR |
||
| 650 |
_aEducation _997360 |
||
| 906 | _a4: ; creators ; Digital ; entertainment ; guide ; interactive ; storytelling | ||
| 942 |
_2ddc _cBK |
||
| 999 |
_c170923 _d170923 |
||